000
00248nam a2200109Ia 4500
008
190216s9999||||xx |||||||||||||| ||und||
100
_a
Mathews K
245
0
_a
Granthavalokanam
260
_b
Current Books
650
_a
Essay Malayalam
942
_c
BK
999
_c
23772
_d
23772